NFL Coaching Staff 2024 - Statistics

General Stats
  • This quiz has been taken 16 times
  • The average score is 49 of 94
Answer Stats
Coach % Correct
Andy Reid
100%
Brian Daboll
100%
Dan Campbell
100%
Jerod Mayo
100%
Jim Harbaugh
100%
John Harbaugh
100%
Matt LaFleur
100%
Mike LaFleur
100%
Mike McCarthy
100%
Mike McDaniel
100%
Mike Tomlin
100%
Press Taylor
100%
Sean McVay
100%
Sean Payton
100%
Todd Bowles
100%
Zac Taylor
100%
Ben Johnson
92%
Dan Quinn
92%
DeMeco Ryans
92%
Doug Pederson
92%
Kevin O'Connell
92%
Nick Siriani
92%
Robert Saleh
92%
Aaron Glenn
85%
Arthur Smith
85%
Frank Smith
85%
Jonathan Gannon
85%
Kyle Shanahan
85%
Mike MacDonald
85%
Sean McDermott
85%
Antonio Pierce
77%
Matt Eberflus
77%
Shane Steichen
77%
Brian Schottenheimer
69%
Dave Canales
69%
Dennis Allen
69%
Kellen Moore
69%
Kevin Stefanski
69%
Joe Brady
62%
Kliff Kingsbury
62%
Raheem Morris
62%
Vic Fangio
62%
Brian Callahan
54%
Brian Flores
54%
Matt Nagy
54%
Steve Spagnuolo
54%
Klint Kubiak
46%
Liam Coen
46%
Jeff Ulbrich
38%
Joe Lombardi
38%
Nathaniel Hackett
38%
Todd Monken
38%
Vance Joseph
38%
Zach Orr
38%
Anthony Weaver
31%
Greg Roman
31%
Jeff Hafley
31%
Jesse Minter
31%
Lou Anarumo
31%
Mike Zimmer
31%
Wes Phillips
31%
Alex Van Pelt
23%
Chris Shula
23%
Mike Kafka
23%
Nick Sorensen
23%
Adam Stenavich
15%
Aden Durde
15%
Bobby Babich
15%
Bobby Slowik
15%
Brad Idzik
15%
Dan Pitcher
15%
Dennard Wilson
15%
Drew Petzing
15%
Ejiro Evero
15%
Gus Bradley
15%
Jim Bob Cooter
15%
Jim Schwartz
15%
Joe Whitt
15%
Luke Getsy
15%
Matt Burke
15%
Nick Holz
15%
Nick Rallis
15%
Patrick Graham
15%
Ryan Grubb
15%
Shane Bowen
15%
Shane Waldron
15%
Teryl Austin
15%
Zak Robinson
15%
DeMarcus Covington
8%
Eric Washington
8%
Jimmy Lake
8%
Joe Woods
8%
Ken Dorsey
8%
Ryan Nielsen
8%
No matching quizzes found
Score Distribution
Percent of People with Each Score
Percentile by Number Answered
Your Score History
You have not taken this quiz